000 00763cam a2200289 4500
001 J92886
008 090401t1998 xxu||||| |||| 00| 0 eng d
020 _a1841110086
035 _a(Sirsi) u87424
041 _aeng
050 _a725.54
100 _aAppleton, Nigel
245 _aCarrying out adaptations : good practice guide for registered social landlords.
260 _aLondon
_bHousing Corporation
_c1998
300 _a68p. : ill. ; 30cm.
350 _a15
490 _aGood Practice Source
_v4
650 _aASSESSMENTS
650 _aDISABLED PEOPLE
650 _aHOUSING
650 _aSOCIAL HOUSING
690 _aBUILT ENVIRONMENT
700 _aLeather, Philip
710 _aHousing Corporation
942 _n0
948 _c16/07/1998
999 _c97239
_d97239